| 000 | 00560nam a22001937a 4500 | ||
|---|---|---|---|
| 005 | 20240307092502.0 | ||
| 008 | 240307b |||||||| |||| 00| 0 eng d | ||
| 020 | _a9781608314126 | ||
| 082 |
_a574 _bHAR-B |
||
| 100 | _aHarvay,Richard, A | ||
| 245 |
_aLippincott's Illustrated Reviews Biochemistry / _cRichard A.Harvey, Denise Ferrier |
||
| 250 | _a5th ed. | ||
| 260 |
_aIndia : _bWolters Kluwer ; _c2011 . |
||
| 300 |
_a520 p. : _bill; _c27 cm. |
||
| 500 | _aInclude index . | ||
| 650 | _aMedical / Biochemistry | ||
| 700 | _aDenise Ferrier | ||
| 999 |
_c35258 _d35258 |
||